Horror Movie Motives Quiz Stats

 Plays Quiz Updated Oct 29, 2016

Score 0/20 Timer 05:00
0 Plays Today
% Correct
Leprechaun
94%
The Purge
91.4%
Carrie
91.1%
Final Destination
88.8%
Dracula
87.3%
The Shining
86.5%
Mama
81.5%
The Return of the Living Dead
79.7%
Friday the 13th
78.6%
Saw
76.3%
% Correct
A Nightmare on Elm Street
76.2%
Scream
72.5%
Hostel
72.1%
Predator
70.7%
Devil
65.6%
Child's Play
65.3%
The Cabin in the Woods
55.6%
Phantasm
55.4%
Prom Night
48.4%
Pumpkinhead
47.2%

You're not logged in!

Compare scores with friends on all Sporcle quizzes.
OR
Log In

Show Comments

Extras

Top Quizzes Today


Score Distribution

Your Account Isn't Verified!

In order to create a playlist on Sporcle, you need to verify the email address you used during registration. Go to your Sporcle Settings to finish the process.

Report this User

Report this user for behavior that violates our Community Guidelines.

Details: